<?xml version="1.0" encoding="UTF-8"?>
<collection xmlns="http://www.loc.gov/MARC21/slim">
 <record>
  <leader>04260naa a2200277 a 4500</leader>
  <controlfield tag="001">1/42727</controlfield>
  <controlfield tag="008">120704s1995    us  a    b    001 0 eng  </controlfield>
  <datafield tag="020" ind1=" " ind2=" ">
   <subfield code="a">9780815513865 (e-book : PDF)</subfield>
  </datafield>
  <datafield tag="035" ind1=" " ind2=" ">
   <subfield code="l">45598</subfield>
  </datafield>
  <datafield tag="040" ind1=" " ind2=" ">
   <subfield code="a">OPELS</subfield>
   <subfield code="b">beng</subfield>
   <subfield code="c">OPELS</subfield>
   <subfield code="d">OPELS</subfield>
   <subfield code="d">GR-PeUP</subfield>
  </datafield>
  <datafield tag="041" ind1="0" ind2=" ">
   <subfield code="a">eng</subfield>
  </datafield>
  <datafield tag="100" ind1="1" ind2=" ">
   <subfield code="a">Bradstreet, Jeffrey W.</subfield>
  </datafield>
  <datafield tag="245" ind1="1" ind2="0">
   <subfield code="a">Hazardous air pollutants</subfield>
   <subfield code="h">[electronic resource] :</subfield>
   <subfield code="b">assessment, liabilities, and regulatory compliance /</subfield>
   <subfield code="c">by Jeffrey W. Bradstreet.</subfield>
  </datafield>
  <datafield tag="260" ind1=" " ind2=" ">
   <subfield code="a">Park Ridge, N.J., U.S.A. :</subfield>
   <subfield code="b">Noyes Publications,</subfield>
   <subfield code="c">c1995.</subfield>
  </datafield>
  <datafield tag="300" ind1=" " ind2=" ">
   <subfield code="a">Ένα html e-book.</subfield>
  </datafield>
  <datafield tag="504" ind1=" " ind2=" ">
   <subfield code="a">Περιέχει βιβλιογραφία και ευρετήριο.</subfield>
  </datafield>
  <datafield tag="520" ind1=" " ind2=" ">
   <subfield code="a">State and federal regulations affecting hazardous air pollutants have produced an escalating dilemma for industrial facilities. While struggling to remain competitive and in compliance with environmental regulations, industry faces increasing requirements and potential liabilities due to emissions of hazardous air pollutants. Many states began establishing regulations governing the emissions of hazardous air pollutants after the 1984 accidental release of methyl isocyanate in Bhopal, India. After thirteen years of extended debate, the US Congress passed significant amendments to the Clean Air Act in 1990. These various regulations require industrial facilities to evaluate, control, monitor, permit and assess risk for a variety of listed chemicals considered hazardous air pollutants. Title III of the 1990 Clean Air Act Amendments provides for the permitting and control of sources emitting as little as ten tons per year of one of 189 federally listed hazardous air pollutants. In addition, sources emitting lesser quantities of 100 of these 189 hazardous air pollutants have to develop risk management plans to prevent accidental releases. This requirement is very similar to the Occupational Safety and Health Administration regulation for protecting workers from accidental releases. Approximately ten other federal regulations also deal with emissions of hazardous pollutants. In addition, state regulations address up to 460 hazardous air pollutants. Deadlines for establishing compliance with the federal requirements are currently being implemented for some industry categories and are scheduled to be completed by 2003. To effectively respond to this myriad of hazardous air pollutant regulations and maintain a viable business, owners and operators of industrial facilities need to understand: the pollutants that are regulated as hazardous, applicable state and federal requirements, sources of hazardous air pollutants, the quantification of hazardous air pollutant emissions, potential risks and liabilities, and the best means to establish a compliance program. This book provides a review of the regulatory requirements affecting sources of hazardous air pollutants, the methods for inventorying and measuring emissions, methods for evaluating potential risks and liabilities due to hazardous air pollutant emissions, and approaches available to reduce emissions and establish a hazardous air pollutant compliance program.</subfield>
  </datafield>
  <datafield tag="505" ind1="0" ind2=" ">
   <subfield code="a">Introduction -- Definitions of Hazardous Air Pollutants -- Title III of the 1990 Amendments to the Clean Air Act -- Other Federal Regulatory Requirements -- State Regulation of Hazardous Air Pollution -- Sources of Hazardous Air Pollutants -- Inventorying Hazardous Air Pollutants at Industrial Facilities -- Measurement of Hazardous Air Pollutants -- Health Risk Associated with Hazardous Air Pollutants -- Nuisance Characteristics of Hazardous Air Pollutants -- Liabilities Associated with Hazardous Air Pollutants -- Emission Reduction Alternatives -- Establishing and Maintaining a Hazardous Air Pollutants Management Program.</subfield>
  </datafield>
  <datafield tag="650" ind1=" " ind2="4">
   <subfield code="a">Air</subfield>
   <subfield code="x">Pollution.</subfield>
  </datafield>
  <datafield tag="650" ind1=" " ind2="4">
   <subfield code="a">Factory and trade waste</subfield>
   <subfield code="x">Environmental aspects</subfield>
   <subfield code="z">United States.</subfield>
  </datafield>
  <datafield tag="650" ind1=" " ind2="4">
   <subfield code="a">Liability for air pollution damages</subfield>
   <subfield code="z">United States.</subfield>
  </datafield>
  <datafield tag="655" ind1=" " ind2="4">
   <subfield code="a">Electronic books.</subfield>
  </datafield>
  <datafield tag="852" ind1=" " ind2=" ">
   <subfield code="a">INST</subfield>
   <subfield code="b">UNIPILB</subfield>
   <subfield code="c">EBOOKS</subfield>
   <subfield code="e">20120704</subfield>
   <subfield code="p">00b45598</subfield>
   <subfield code="q">00b45598</subfield>
   <subfield code="t">ONLINE</subfield>
   <subfield code="y">0</subfield>
  </datafield>
  <datafield tag="856" ind1="4" ind2="0">
   <subfield code="u">http://www.sciencedirect.com/science/book/9780815513865</subfield>
  </datafield>
  <datafield tag="856" ind1="4" ind2="1">
   <subfield code="3">Table of contents</subfield>
   <subfield code="u">http://www.loc.gov/catdir/toc/wap041/95031385.html</subfield>
  </datafield>
  <datafield tag="856" ind1="4" ind2=" ">
   <subfield code="d">/webopac/covers/03/45598_9780815513865.jpg</subfield>
   <subfield code="z">(e-book : PDF)</subfield>
  </datafield>
 </record>
</collection>
